000 00296nam a2200145Ia 4500
100 _aKett/ P.W.
490 _v1
942 _cBK
654 _aMotor
245 _aMotor vehicle science
260 _bChapman & Hall Ltd
_aLondon
_c1982
082 _a629.23
300 _a292
546 _aENGLISH
999 _c20725
_d20725